Opyt organizacii, planirovanija, finansirovanija i ekonomičeskogo stimulirovanija sozdanija i vnedrenija novoj techniki v stranach - členach SEV Obobščennyj doklad
Gespeichert in:
| Format: | Buch |
|---|---|
| Sprache: | Russisch |
| Veröffentlicht: |
Moskva
Meždunarodnyj naučno-issledovatel'skij institut problem upravlenija
1985
|
| Ausgabe: | 1. izd. |
| Tags: |
Keine Tags, Fügen Sie das erste Tag hinzu!
|
MARC
| LEADER | 00000nam a2200000 4500 | ||
|---|---|---|---|
| 001 | c027352 | ||
| 005 | 20221220075914.0 | ||
| 041 | 0 | |a rus | |
| 044 | |a RU | ||
| 245 | 1 | 0 | |a Opyt organizacii, planirovanija, finansirovanija i ekonomičeskogo stimulirovanija sozdanija i vnedrenija novoj techniki v stranach - členach SEV |b Obobščennyj doklad |
| 250 | |a 1. izd. | ||
| 264 | 1 | |a Moskva |b Meždunarodnyj naučno-issledovatel'skij institut problem upravlenija |c 1985 | |
| 300 | |a 240 s. | ||